| 000 | 00786nam a2200193 i 4500 | ||
|---|---|---|---|
| 001 | 50335 | ||
| 003 | ES-MaACL | ||
| 005 | 20230906162149.0 | ||
| 007 | t| | ||
| 008 | 030804s1956 sp bo ||||1| spa d | ||
| 080 | _a551.442(460.181) | ||
| 245 | 0 | 3 |
_aLa cueva de Valporquero. _nTomo I _b: con 45 fotografías, itinerario de carreteras, un dibujo del Paraje Felmin a Valporquero y un croquis de la sección longitudinal de la Cueva. |
| 250 | _a1ª ed. | ||
| 260 |
_aLeón : _bGrupo espeleólogo leonés de la Sociedad Deportiva Casino de León, _c1956. |
||
| 300 |
_a91 p. , [3] h. pleg. de mapas : _bfot. bl. y n. ; _c23 cm. |
||
| 651 | 4 |
_aCueva de Valporquero (León) _9145684 |
|
| 710 | 2 |
_aSociedad Deportiva del Casino de León. _96696 |
|
| 852 |
_aES-MaACL _j2275-F-4 _xOlim P-243 |
||
| 999 |
_c50335 _d50335 |
||